| 000 | 01314cam a22003615a 4500 | ||
|---|---|---|---|
| 003 | OSt | ||
| 005 | 20240530110433.0 | ||
| 008 | 110919t20102010ua abfdf bb 000 0 fre c | ||
| 020 | _a9782724705805 | ||
| 020 | _a9782724704969 | ||
| 022 | _202593823 | ||
| 040 |
_aEG-CaGPL _cEG-CaGPL |
||
| 082 | 0 | 4 |
_221 _a726.1 _bCC/Z T |
| 100 | 1 |
_aZignani, Pierre _eauthor. |
|
| 245 | 1 | 3 |
_aLe temple d'Hathor à Dendara : _brelevés et étude architecturale / _cPierre Zignani. |
| 260 |
_aLe Caire : _bInstitut français d'archéologie orientale du Caire, _c2010, ©2010. |
||
| 300 |
_a2 volumes : _billustrations (some color), maps, plans ; _c28 cm. |
||
| 336 |
_atext _2rdacontent |
||
| 336 |
_astill image _2rdacontent |
||
| 337 |
_aunmediated _2rdamedia |
||
| 338 |
_avolume _2rdacarrier |
||
| 490 | 1 |
_aIF ; _v997 |
|
| 504 | _aIncludes bibliographical references (volume1, pages 391-407) | ||
| 505 | 0 | _aI. Texte -- II. Planches. | |
| 610 | 2 | 0 | _aTemple of Hathor (Dandara, Egypt) |
| 650 | 0 |
_aTemples _zEgypt _zDandara. |
|
| 650 | 0 |
_aArchitecture, Ancient _zEgypt. |
|
| 830 | 0 |
_aBibliothèque d'étude ; _vt. 146. |
|
| 830 | 0 |
_aPublications de l'Institut français d'archéologie orientale du Caire ; _v997. |
|
| 942 |
_2ddc _cBK |
||
| 999 |
_c60888 _d60888 |
||